|
|
|
|
| LEADER |
01543nam a22003854a 4500 |
| 001 |
EBC433398 |
| 003 |
MiAaPQ |
| 005 |
20200520144314.0 |
| 006 |
m o d | |
| 007 |
cr cn||||||||| |
| 008 |
070322s2007 maua sb 000 0 eng |
| 010 |
|
|
|z 2007272998
|
| 020 |
|
|
|z 9780874259490 (pbk.)
|
| 020 |
|
|
|z 0874259495 (pbk.)
|
| 035 |
|
|
|a (MiAaPQ)EBC433398
|
| 035 |
|
|
|a (Au-PeEL)EBL433398
|
| 035 |
|
|
|a (CaPaEBR)ebr10379785
|
| 035 |
|
|
|a (CaONFJC)MIL101856
|
| 035 |
|
|
|a (OCoLC)609835041
|
| 040 |
|
|
|a MiAaPQ
|c MiAaPQ
|d MiAaPQ
|
| 050 |
|
4 |
|a HD58.9
|b .W3765 2007
|
| 082 |
0 |
4 |
|a 658.3/14
|2 22
|
| 100 |
1 |
|
|a Watkins, Ryan.
|
| 245 |
1 |
0 |
|a Performance by design
|h [electronic resource] :
|b the systematic selection, design, and development of performance technologies that produce useful results /
|c Ryan Watkins.
|
| 260 |
|
|
|a Amherst, Mass. :
|b HDR Press ;
|a Silver Spring, Md. :
|b ISPI, International Society for Performance Improvement,
|c c2007.
|
| 300 |
|
|
|a x, 180 p. :
|b ill.
|
| 490 |
0 |
|
|a HTP in action series ;
|v v. 3
|
| 504 |
|
|
|a Includes bibliographical references (p. [173]-176).
|
| 533 |
|
|
|a Electronic reproduction. Ann Arbor, MI : ProQuest, 2015. Available via World Wide Web. Access may be limited to ProQuest affiliated libraries.
|
| 650 |
|
0 |
|a Organizational effectiveness.
|
| 650 |
|
0 |
|a Performance.
|
| 650 |
|
0 |
|a Employees
|x Training of
|x Evaluation.
|
| 655 |
|
4 |
|a Electronic books.
|
| 710 |
2 |
|
|a ProQuest (Firm)
|
| 856 |
4 |
0 |
|u https://ebookcentral.proquest.com/lib/matrademy/detail.action?docID=433398
|z Click to View
|